Selección de textos para comunicación (Registro nro. 22215)
[ vista simple ]
| 000 -Cabecera | |
|---|---|
| Campo de control interno | 00851nam a22002537a 4500 |
| 005 - Fecha y hora del registro | |
| control field | 20260416174938.0 |
| 008 - Elementos de Longitud Fija | |
| fixed length control field | 260410b |||||||| |||| 00| 0 spa d |
| 020 ## - ISBN | |
| ISBN | 9786125165138 |
| 082 ## - DEWEY y NOTACIÓN INTERNA | |
| Dewey | 371.33 |
| Notación Interna | U61 |
| 100 ## - AUTOR | |
| Autor denominación | , |
| 110 ## - AUTOR INSTTITUCIONAL | |
| Autor Institucional | Universidad Católica San Pablo |
| 245 ## - TÍTULO DE MATERIAL BIBLIOGRÁFICO | |
| Título | Selección de textos para comunicación |
| 250 ## - EDICIÓN | |
| Edición | Primera edición. Primera reimpresión |
| 260 ## - CIUDAD, EDITORIAL, AÑO | |
| Ciudad | Arequipa : |
| Nombre de la Editorial | Universidad Católica, |
| Año | 2026 |
| 300 ## - DESCRIPCIÓN | |
| N° Páginas | 112 páginas : |
| Otros detalles | ilustraciones ; |
| Dimensiones | 24 cm. |
| 440 ## - MENCIÓN DE SERIE | |
| Título de la Serie | ; |
| 650 ## - TEMAS | |
| Temas | Literatura |
| 653 ## - DESCRIPTORES | |
| Lenguajes no controlado | Educación; Materiales de enseñanza |
| 654 ## - PROGRAMAS | |
| Programa | Todos los programas |
| 700 ## - OTROS AUTORES | |
| Otros autores | Bosco, Jorge |
| 856 ## - URL - UBICACIÓN | |
| URI/URL: Enlace exacto del recurso | <a href="https://0u20jws50-y-https-www-jstor-org.itmsp.museknowledge.com/action/doBasicSearch?Query=COMUNICACI%C3%93N&so=rel">https://0u20jws50-y-https-www-jstor-org.itmsp.museknowledge.com/action/doBasicSearch?Query=COMUNICACI%C3%93N&so=rel</a> |
| Nota pública: Versión digital | <a href="Véase además: Base de datos JSTOR">Véase además: Base de datos JSTOR</a> |
| 942 ## - ELEMENTOS DE KOHA | |
| Tipo de documento | Libro |
| Nombre del creador | Justo Noguera |
| Código de catalogador | Mirtha Ponce |
| Suppress in OPAC | No |
| Esquema de clasificación | Dewey Decimal Classification |
| Codigo completo | Registro | Colección | Copia número | Disponibilidad | Tipo de préstamo | Biblioteca Actual | Procedencia (Biblioteca) | Ubicacón | Fecha Ingreso | Tipo de Adquisición | Observación | Date last seen | Total checkouts | Price effective from | Tipo de Item | Estado del Material | Fuente de Clasificación | Damaged status | Withdrawn status |
|---|---|---|---|---|---|---|---|---|---|---|---|---|---|---|---|---|---|---|---|
| 371.33 U61 | 1088307 | Universidad Católica San Pablo | 1 | No disponible | Proceso | Víctor Andrés Belaunde | Víctor Andrés Belaunde | Planta baja abierta | 10/04/2026 | Donación | Donación Fondo Editorial | 10/04/2026 | 10/04/2026 | Libro | Bueno | Dewey Decimal Classification | Withdrawn |




